| 000 | 00811nam a2200289Ia 4500 | ||
|---|---|---|---|
| 001 | 10189 | ||
| 005 | 20240113235210.0 | ||
| 007 | ta | ||
| 008 | 050801s1963 a g b000 u eng u | ||
| 040 | _aCotton College,Assam | ||
| 041 | _aeng | ||
| 082 |
_a330.9 _bM 261 H |
||
| 100 | _aMadan , G.R. . | ||
| 245 | 0 |
_aThe History and Development of Economic Thought / _cG.R. Madan & H.S. Dhooria. _hTextual Documents |
|
| 250 | _a1st ed. / | ||
| 260 |
_aNew Delhi : _bS. Chand & Company , _c1963. |
||
| 300 |
_a311p. : _bill. ; _c22cm . |
||
| 504 | _aIndex | ||
| 653 | _aEconomics-History | ||
| 653 | _aEconomic Thought-History | ||
| 653 | _aEconomic Development-History | ||
| 653 | _aMS-Economics | ||
| 700 | _aDhooria, H.S. . | ||
| 942 |
_2ddc _cBK |
||
| 999 |
_c10176 _d10176 |
||